Komunikačné majstrovstvo aktérov medzinárodných vzťahov v meniacom sa globálnom prostredí

Problematika komunikácie v diplomatickej praxi. Dôvody nevyhnutnosti majstrovsky ovládať nielen samotný diplomatický cudzí jazyk, ale aj potreba rozumieť aj ďalším sociolingvistickým signálom, hlavne pre budúcich diplomatických zástupcov ako aj ďalších aktérov medzinárodného diania.

Salvato in:
Dettagli Bibliografici
Autore principale: Rusiňáková, Jarmila, 1959-
Natura: Capitolo di libro
Lingua:slovacco
Soggetti:
Tags: Aggiungi Tag
Nessun Tag, puoi essere il primo ad aggiungerne!!

MARC

LEADER 00000nla a2200000 4500
001 0190287
005 20240502073212.3
041 0 |a slo 
044 |a SK 
245 1 0 |a Komunikačné majstrovstvo aktérov medzinárodných vzťahov v meniacom sa globálnom prostredí  |c Jarmila Rusiňáková 
520 |a Problematika komunikácie v diplomatickej praxi. Dôvody nevyhnutnosti majstrovsky ovládať nielen samotný diplomatický cudzí jazyk, ale aj potreba rozumieť aj ďalším sociolingvistickým signálom, hlavne pre budúcich diplomatických zástupcov ako aj ďalších aktérov medzinárodného diania. 
610 2 0 |a vzdelávanie vysokoškolské 
610 2 0 |a univerzity 
610 2 0 |a školy vysoké 
610 2 0 |a fakulty 
610 2 0 |a vzťahy medzinárodné 
610 2 0 |a diplomacia 
610 2 0 |a komunikácia 
100 1 |a Rusiňáková, Jarmila, 1959-